| 000 | 01027cam a22003015i 4500 | ||
|---|---|---|---|
| 001 | 18273602 | ||
| 003 | EG-ScBUE | ||
| 005 | 20260308092844.0 | ||
| 008 | 140820t2015 enka f 001 0 eng d | ||
| 020 | _a9780198729051 | ||
| 040 |
_aEG-ScBUE _beng _erda _cEG-ScBUE _dEG-ScBUE |
||
| 082 | 0 | 4 |
_a570.285 _bHEC _222 |
| 100 | 1 |
_aHector, Andy, _938138 _eauthor. |
|
| 245 | 1 | 4 |
_aThe new statistics with R : _ban introduction for biologists / _cAndy Hector, professor of ecology, Department of Plant Sciences, University of Oxford. |
| 264 | 1 |
_aOxford : _bOxford University Press, _c[2015] |
|
| 264 | 4 | _cc2015 | |
| 300 |
_axi, 199 pages : _billustrations ; _c24 cm |
||
| 336 |
_2rdacontent _atext _btxt |
||
| 337 |
_2rdamedia _aunmediated _bn |
||
| 338 |
_2rdacarrier _avolume _bnc |
||
| 500 | _aIncludes index. | ||
| 650 | 7 |
_aBioinformatics. _2BUEsh |
|
| 650 | 7 |
_aR (Computer program language) _2BUEsh |
|
| 650 | 7 |
_aStatistics _xData processing. _2BUEsh |
|
| 653 |
_bBUSECO _cJune2015 |
||
| 655 | _vReading book | ||
| 942 |
_2ddc _cBB |
||
| 999 |
_c19540 _d19512 |
||